000 00302nam a22001457a 4500
008 221017b ||||| |||| 00| 0 eng d
020 _a0153607009
041 _aeng
080 _a573
082 _a573 JOV
100 _a16.1
101 _aBIO
245 _aBIOLOGY
_cJOVANOVICH H
942 _2udc
_cBK
999 _c58591
_d58591